Administrative report (Record no. 695747)

MARC details
000 -LEADER
fixed length control field 00741nam a2200265Ia 4500
003 - CONTROL NUMBER IDENTIFIER
control field OSt
005 - DATE AND TIME OF LATEST TRANSACTION
control field 20220927110344.0
008 - FIXED-LENGTH DATA ELEMENTS--GENERAL INFORMATION
fixed length control field 220926b |||||||| |||| 00| 0 eng d
037 ## - SOURCE OF ACQUISITION
Terms of availability Reports
040 ## - CATALOGING SOURCE
Original cataloging agency RTL
Transcribing agency RTL
Language of cataloging eng
041 ## - LANGUAGE CODE
Source of code eng
Language code of text/sound track or separate title eng
110 ## - MAIN ENTRY--CORPORATE NAME
Corporate name or jurisdiction name as entry element COMMISSIONERS FOR THE PORT OF CHITTAGONG
9 (RLIN) 376537
245 #0 - TITLE STATEMENT
Title Administrative report
260 ## - PUBLICATION, DISTRIBUTION, ETC.
Date of publication, distribution, etc. 1937
300 ## - PHYSICAL DESCRIPTION
Extent 43P
Dimensions cm.
490 ## - SERIES STATEMENT
Series statement "1V per year. This library has 1937-38, 1940-41"
650 ## - SUBJECT ADDED ENTRY--TOPICAL TERM
Topical term or geographic name entry element Port
700 ## - ADDED ENTRY--PERSONAL NAME
Personal name COMMISSIONERS FOR THE PORT OF CHITTAGONG
9 (RLIN) 376538
942 ## - ADDED ENTRY ELEMENTS (KOHA)
Classification part "X428.44Q7212rN, G8,H1"
Koha item type

No items available.

Copyright @ Delhi University Library System